Nutrición y vida activa (Registro nro. 13161)
[ vista simple ]
| 000 -CABECERA | |
|---|---|
| Longitud fija campo de control | 00864nam a22002537a 4500 |
| 003 - IDENTIFICADOR DELl NÚMERO DE CONTROL | |
| Identificador del número de control | OSt |
| 005 - FECHA Y HORA DE LA ÚLTIMA TRANSACCIÓN | |
| Fecha y hora de la última transacción | 20140823120151.0 |
| 008 - CÓDIGOS DE INFORMACIÓN DE LONGITUD FIJA | |
| Códigos de información de longitud fija | 140821b2006 usa spa |
| 020 ## - NÚMERO INTERNACIONAL NORMALIZADO PARA LIBROS | |
| Número Internacional Normalizado para Libros (ISBN) | 92-75-31612-0 |
| 040 ## - FUENTE DE LA CATALOGACIÓN | |
| Centro transcriptor | BMC |
| 082 ## - NÚMERO DE LA CLASIFICACIÓN DECIMAL DEWEY | |
| Númeroo de clasificación | 613.28 |
| 082 ## - NÚMERO DE LA CLASIFICACIÓN DECIMAL DEWEY | |
| Númeroo de clasificación | 362.048 |
| 082 ## - NÚMERO DE LA CLASIFICACIÓN DECIMAL DEWEY | |
| Númeroo de clasificación | 316.71 |
| 245 00 - MENCIÓN DE TÍTULO | |
| Título | Nutrición y vida activa |
| Resto del título | : del conocimiento a la acción |
| Mención de responsabilidad, etc. | Wilma B. Freire, editora |
| 260 ## - PUBLICACIÓN, DISTRIBUCIÓN, ETC. (PIE DE IMPRENTA) | |
| Lugar de publicación, distribución, etc. | Washington |
| Nombre del editor, distribuidor, etc. | Organización Panamericana de la Salud |
| Fecha de publicación, distribución, etc. | 2006 |
| 300 ## - DESCRIPCIÓN FÍSICA | |
| Extensión | XII, 263 p. |
| Otras características físicas | il., gráf. |
| Dimensiones | 26 cm |
| 490 ## - MENCIÓN DE SERIE | |
| Mención de serie | Publicación científica y técnica / Organización Panamericana de la Salud |
| Designación de volumen o secuencia | 612 |
| 650 24 - PUNTO DE ACCESO ADICIONAL DE MATERIA - TÉRMINO DE MATERIA | |
| 9 (RLIN) | 18595 |
| Término de materia o nombre geográfico como elemento inicial | Nutrición |
| Subdivisión geográfica | América latina |
| 650 24 - PUNTO DE ACCESO ADICIONAL DE MATERIA - TÉRMINO DE MATERIA | |
| 9 (RLIN) | 23719 |
| Término de materia o nombre geográfico como elemento inicial | Salud pública |
| Subdivisión geográfica | América latina |
| 650 24 - PUNTO DE ACCESO ADICIONAL DE MATERIA - TÉRMINO DE MATERIA | |
| 9 (RLIN) | 4335 |
| Término de materia o nombre geográfico como elemento inicial | Ejercicio físico |
| 700 1# - PUNTO DE ACCESO ADICIONAL - NOMBRE DE PERSONA | |
| 9 (RLIN) | 24211 |
| Nombre de persona | Freire, Wilma B. |
| 710 2# - PUNTO DE ACCESO ADICIONAL - NOMBRE DE ENTIDAD | |
| 9 (RLIN) | 2838 |
| Nombre de entidad o nombre de jurisdicción como elemento inicial | Organización Panamericana de la Salud |
| 942 ## - ENTRADA DE ELEMENTOS AGREGADOS (KOHA) | |
| Fuente de clasificaión o esquema | Dewey Decimal Classification |
| Koha [por defecto] tipo de item | 1- Monografias |
| Suprimido | Perdido | Fuente de clasificación o esquema | Estropeado | Restricciones de uso | No para préstamo | Código de colección | Localización permanente | Localización actual | Localización en estanter&íacute;as | Fecha adquisición | Fuente de adquisición | Número de inventario | Préstamos totales | Signatura completa | Código de barras | Fecha última consulta | Fecha último préstamo | Coste, precio reemplazado | Fecha del precio de reemplazo | Tipo de item de Koha |
|---|---|---|---|---|---|---|---|---|---|---|---|---|---|---|---|---|---|---|---|---|
| NULL | NULL | Dewey Decimal Classification | NULL | Prestable | NULL | NULL | Biblioteca Centro Regional de Ilobasco | Biblioteca Centro Regional de Ilobasco | Sala Principal | 30/07/2011 | UNICAES | LI002012 | 613.28 NUT | 1038589 | 04/10/2016 | 04/10/2016 | 1- Monografias | |||
| NULL | NULL | Dewey Decimal Classification | NULL | Prestable | NULL | NULL | Biblioteca Centro Regional de Ilobasco | Biblioteca Centro Regional de Ilobasco | Sala Principal | 30/07/2011 | UNICAES | LI003191 | 3 | 613.28 NUT | 1040258 | 20/03/2025 | 20/03/2025 | 20/12/2016 | 1- Monografias | |
| NULL | NULL | Dewey Decimal Classification | NULL | Préstamo en Sala | NULL | NULL | Biblioteca Miguel de Cervantes - UNICAES | Biblioteca Miguel de Cervantes - UNICAES | Sala Principal | 22/08/2014 | Donación - Facultad de Ciencias y Humanidades | 020857 | 13 | 613.28 NUT | 1021214 | 24/01/2023 | 20/01/2023 | 22.00 | 22/08/2014 | 1- Monografias |